Áp dụng tương tự các kết luận của Tòa trọng tài trong Vụ kiện Biển Đông vào việc xác định quy chế pháp lý của các đảo xa bờ quan trọng của Việt Nam /

Αποθηκεύτηκε σε:
Λεπτομέρειες βιβλιογραφικής εγγραφής
Κύριος συγγραφέας: Quách Thị Huyền.
Άλλοι συγγραφείς: Trần Hữu Duy Minh.
Μορφή: Άρθρο
Γλώσσα:Vietnamese
Θέματα:
Ετικέτες: Προσθήκη ετικέτας
Δεν υπάρχουν, Καταχωρήστε ετικέτα πρώτοι!
Thư viện lưu trữ: Thư viện Trường Đại học Đà Lạt
LEADER 01039nam a2200265 4500
001 DLU210196069
005 ##20210414
040 # # |a DLU  |b vie 
041 # # |a vie 
044 # # |a vn 
100 # # |a Quách Thị Huyền. 
245 # # |a Áp dụng tương tự các kết luận của Tòa trọng tài trong Vụ kiện Biển Đông vào việc xác định quy chế pháp lý của các đảo xa bờ quan trọng của Việt Nam /  |c Quách Thị Huyền, Trần Hữu Duy Minh. 
653 # # |a Điều 121 UNCLOS 
653 # # |a Trung Quốc 
653 # # |a Vụ kiện Biển Đông 
700 # # |a Trần Hữu Duy Minh. 
773 # # |t Nghiên cứu quốc tế  |g Số 3(118), 2019, tr. 113-138 
920 # # |a Phòng Tạp chí -- Trung tâm Thông tin - Thư viện Trường Đại học Đà Lạt 
900 # # |a True 
911 # # |a Nguyễn Thị Thu Phương 
925 # # |a G 
926 # # |a A 
927 # # |a BB 
980 # # |a Thư viện Trường Đại học Đà Lạt